000 00603nam a2200217 4500
003 OSt
005 20240708024609.0
006 a
008 240708b |||||||| |||| 00| 0 eng d
020 _a9812359273
040 _aDWCL-Main lib.
_cOC
082 _2Seventh edition
_aCirc. 526.9 B227 2000
100 _aRaymond, Stanley
245 _aSurveying /
250 _aSeventh edition
260 _aMassachusetts:
_bAddison-Wesley,
_cc2000.
300 _aviii,
_b502 p. : ill. ;
_c24 cm.
504 _aIncludes index.
650 _a1. Surveying.
942 _2ddc
_n0
_cBK-CIRC
_eSeventh edition
_kCirc.
999 _c2082
_d2082